Stati tra 6 000 000 e 7 000 000 abitanti - Statistics

Statistiche generali
  • Questo quiz è stato fatto 7 volte
  • Il punteggio medio è 4 su 7
Statistiche sulle risposte
Popolazione (ab.) Continente Nazione % Corretto
6 447 710 Europa Bulgaria
80%
6 884 888 America del Nord El Salvador
80%
6 733 763 America del Nord Nicaragua
80%
6 106 869 Africa Repubblica del Congo
60%
6 641 197 Europa Serbia
60%
6 931 061 Africa Libia
40%
6 109 644 America del Sud Paraguay
40%
Nessun quiz corrispondente trovato
Distribuzione punteggi
Percentuale di utenti per punteggio
Percentile per numero di risposta
I tuoi punteggi nel tempo
Non hai fatto questo quiz